Non-Bordering Countries Closest to the U. S. - Statistics

General Stats
  • This quiz has been taken 11 times
  • The average score is 16 of 20
Answer Stats
km Country miles % Correct
85 Bahamas 53
90%
930 Belize 578
90%
150 Cuba 93
90%
1070 Dominican Republic 665
90%
1358 El Salvador 844
90%
1051 Guatemala 653
90%
932 Haiti 579
90%
978 Honduras 608
90%
1080 Nicaragua 671
90%
1680 Panama 1044
90%
3 Russia 2
90%
1695 Colombia 1053
80%
2160 France (Guadeloupe) 1342
80%
758 Jamaica 471
80%
2110 Antigua and Barbuda 1311
70%
1534 Costa Rica 953
70%
2198 Japan 1366
70%
2008 St. Kitts and Nevis 1248
70%
1804 Venezuela 1121
70%
1666 Kiribati 1035
40%
No matching quizzes found
Score Distribution
Percent of People with Each Score
Percentile by Number Answered
Your Score History
You have not taken this quiz